Huey Atlixcayolt (Record no. 10324)

MARC details
000 -CABECERA
campo de control de longitud fija 00724nam a2200205 a 4500
001 - NÚMERO DE CONTROL
campo de control BRL_1514
005 - FECHA Y HORA DE LA ÚLTIMA TRANSACCIÓN
campo de control 20190320211237.0
008 - DATOS DE LONGITUD FIJA--INFORMACIÓN GENERAL
campo de control de longitud fija 130214s1989----mx-a######---#000-0#spa-#
041 ## - CÓDIGO DE LENGUA
Código de lengua del texto/banda sonora o título independiente spa
044 ## - CÓDIGO DEL PAÍS DE LA ENTIDAD EDITORA/PRODUCTORA
Código MARC del país mx
050 #4 - SIGNATURA TOPOGRÁFICA DE LA BIBLIOTECA DEL CONGRESO
Número de clasificación GT4814.A85
Número de documento/Ítem .H94 1989
245 10 - MENCIÓN DE TÍTULO
Título Huey Atlixcayolt
Resto del título una tradición vigilante
Mención de responsabilidad, etc. Consejo Poblano de Fotografía.
260 ## - PUBLICACIÓN, DISTRIBUCIÓN, ETC.
Lugar de publicación, distribución, etc. Puebla, Pue., México
Nombre del editor, distribuidor, etc. Secretaría de Cultura del Gobierno del Estado de Puebla
Fecha de publicación, distribución, etc. c1989
300 ## - DESCRIPCIÓN FÍSICA
Extensión 151 p.
Otras características físicas il.
Dimensiones 20 cm.
610 24 - PUNTO DE ACCESO ADICIONAL DE MATERIA--NOMBRE DE ENTIDAD CORPORATIVA
Nombre de entidad corporativa o nombre de jurisdicción como elemento de entrada Consejo Poblano de Fotografía
9 (RLIN) 27141
650 14 - PUNTO DE ACCESO ADICIONAL DE MATERIA--TÉRMINO DE MATERIA
Término de materia o nombre geográfico como elemento de entrada Festivales
Subdivisión general Trabajos Ilustrados
Subdivisión geográfica Atlixco - México
9 (RLIN) 27142
650 14 - PUNTO DE ACCESO ADICIONAL DE MATERIA--TÉRMINO DE MATERIA
Término de materia o nombre geográfico como elemento de entrada Danza Nahua
9 (RLIN) 27143
650 14 - PUNTO DE ACCESO ADICIONAL DE MATERIA--TÉRMINO DE MATERIA
Término de materia o nombre geográfico como elemento de entrada Nahuas
Subdivisión general Ritos y ceremonias - Trabajos ilustrados
9 (RLIN) 27144
942 ## - ELEMENTOS DE PUNTO DE ACCESO ADICIONAL (KOHA)
Fuente del sistema de clasificación o colocación Library of Congress Classification
Tipo de ítem Koha Libros
Holdings
Estado de retiro Estado de pérdida Estado dañado No para préstamo Localización permanente Ubicación/localización actual Fecha de adquisición Total de préstamos Signatura topográfica completa Código de barras Fecha visto por última vez Precio válido a partir de Tipo de ítem Koha
El ejemplar forma parte de la colección y puede ser consultado según las políticas vigentes.       Biblioteca Centro de Estudios Ruth D. Lechuga Biblioteca Centro de Estudios Ruth D. Lechuga 13/02/2014   GT4814.A85 .H94 1989 00032 22/03/2019 22/03/2019 Libros